Etappensieger Tour de France 2025 - Statistiken

Allgemein
  • Dieses Quiz wurde 25 mal gespielt
    6 seit der letzten Aktualisierung
  • Das Durchschnittsergebnis liegt bei 15 aus 21
Antwortstatistiken
Etappe Strecke Etappenart Fahrer Nationalität % Korrekt
4 Amiens – Rouen Hügel Tadej Pogačar Slowenien
100%
7 Saint-Malo – Mûr-de-Bretagne Hügel Tadej Pogačar Slowenien
100%
12 Auch – Hautacam Hochgebirge Tadej Pogačar Slowenien
100%
13 Loudenvielle – Peyragudes Bergzeitfahren Tadej Pogačar Slowenien
100%
6 Bayeux – Vire Normandie Hügel Ben Healy Irland
83%
1 Lille – Lille Flach Jasper Philipsen Belgien
67%
8 Saint-Méen-le-Grand – Laval Flach Jonathan Milan Italien
67%
17 Bollène – Valence Flach Jonathan Milan Italien
67%
2 Lauwin-Planque – Boulogne-sur-Mer Hügel Mathieu van der Poel Niederlande
67%
5 Caen – Caen Einzelzeitfahren Remco Evenepoel Belgien
67%
10 Ennezat – Puy de Sancy Hochgebirge Simon Yates Vereinigtes Königreich
67%
14 Pau – Luchon-Superbagnères Hochgebirge Thymen Arensman Niederlande
67%
19 Albertville – La Plagne Hochgebirge Thymen Arensman Niederlande
67%
3 Valenciennes – Dunkerque Flach Tim Merlier Belgien
67%
9 Chinon – Châteauroux Flach Tim Merlier Belgien
67%
15 Muret – Carcassonne Hügel Tim Wellens Belgien
67%
16 Montpellier – Mont Ventoux Hochgebirge Valentin Paret-Peintre Frankreich
67%
21 Mantes-la-Ville – Paris Flach Wout van Aert Belgien
67%
11 Toulouse – Toulouse Flach Jonas Abrahamsen Norwegen
50%
20 Nantua – Pontarlier Hügel Kaden Groves Australien
50%
18 Vif – Col de la Loze Hochgebirge Ben O´Connor Australien
0%
Keine übereinstimmenden Quizze gefunden
Verteilung der Resultate
Anzahl Personen mit jedem Resultat
Perzentil nach korrekt beantworteten Fragen
Ihre Resultats-Entwicklung
Sie haben dieses Quiz seit der letzten Aktualisierung nicht gespielt